Normal view
MARC view
- Bronzino, Joseph D.,
Entry Personal Name
001 - CONTROL NUMBER
- control field: 34473
003 - CONTROL NUMBER IDENTIFIER
- control field: NUST
005 - DATE AND TIME OF LATEST TRANSACTION
- control field: 20201023143315.0
008 - FIXED-LENGTH DATA ELEMENTS
- fixed length control field: 201023|| aca||aabn | a|a d
040 ## - CATALOGING SOURCE
- Original cataloging agency: NUST
- Transcribing agency: NUST
100 ## - HEADING--PERSONAL NAME
- Personal name: Bronzino, Joseph D.,
- Dates associated with a name: 1937-
670 ## - SOURCE DATA FOUND
- Source citation: Work cat.: (NUST)173205: Joseph D. Bronzino. 34471, The biomedical engineering handbook /, 2006.
